000 01657cam a22003015a 4500
001 L158142
008 140912s2014 xxk f 000 0 eng d
020 _a9781315766652
035 _a(Sirsi) u158142
041 0 _aeng
100 1 _aKent Baker, H
245 0 0 _aPrivate real estate markets and investments
_h[electronic resource]
250 _a1st edition
260 _aOxfordbOxford University Press
_c2014
300 _aebook
520 _aProvides an overview of private real estate markets and investments focusing on conventional and alternative real estate investments and regulatory issues. Examines conventional investable real assets including retail spaces, apartments, offices, and industrial facilities owned by corporate entities. Considers alternative real estate assets including healthcare, both for facilities and the pricing to make it an investable asset; infrastructure including roads, bridges, and public utilities; and natural resources such as land, agriculture, oil, and gas. The regulatory section looks at appraisal and valuation, brokerage and transaction costs, sustainability, and green buildings. Institutional investors continue to view real estate as a key investment asset for example, private rented sector in the UK.
590 _aKA
650 2 4 _aEBOOK
651 4 _aInternational
690 _aValuation
_96273
690 _aInvestments
_96250
690 _aCommercial property
_96227
690 _aResidential
690 _aInfrastructure
_96246
700 P _aChinloy, Peter
856 4 0 _uhttps://www.vlebooks.com/
_zView on VLEbooks. Logins for members only from [email protected]
942 _n0
999 _c115168
_d115168